|
|
|
|
| LEADER |
00000nab a2200000 4500 |
| 001 |
vtls011908252 |
| 003 |
SK-MaSNL |
| 005 |
20260304034552.0 |
| 008 |
191219|2019 xo mr n || |||| ||slo |
| 015 |
|
|
|a SNBRA 2015
|2 svkbbbg
|
| 038 |
|
|
|a SVKBBBG
|
| 040 |
|
|
|a SVKBBBG
|b slo
|c SVKBBBG
|e rda
|
| 041 |
0 |
|
|a slo
|
| 043 |
|
|
|a e-xo---
|
| 044 |
|
|
|a xo
|c SK
|
| 080 |
|
|
|a 628.1.033
|2 2011
|
| 080 |
|
|
|a 663.4
|2 2011
|
| 080 |
|
|
|a 911.375(091)
|2 2011
|
| 080 |
|
|
|a (437.642)
|2 2011
|
| 100 |
1 |
|
|a Kollár, Ján
|4 aut
|9 54353
|
| 245 |
1 |
0 |
|a Sásovský akvadukt - prvý vodovod mesta
|c Ján Kollár
|
| 300 |
|
|
|b Farebné fotografie
|
| 336 |
|
|
|a text
|b txt
|2 rdacontent
|
| 337 |
|
|
|a bez média
|b n
|2 rdamedia
|
| 338 |
|
|
|a zväzok
|b nc
|2 rdacarrier
|
| 650 |
0 |
7 |
|a vodovody
|2 SNKPH
|9 29351
|
| 650 |
0 |
7 |
|a pivovarníctvo
|2 SNKPH
|9 17083
|
| 650 |
0 |
7 |
|a dejiny miest
|2 SNKPH
|9 164833
|
| 651 |
|
7 |
|a Sásová (Banská Bystrica, Slovensko)
|2 SNKPHgeo
|9 113282
|
| 773 |
0 |
|
|t Radničné noviny mesta Banská Bystrica
|d Roč. XIII., č. 7 (2019)
|g S. 12
|x 1339-9837
|
| 852 |
|
|
|a SVKBB
|b KIS3GCP
|
| 958 |
|
|
|a NB
|
| 958 |
|
|
|a PM
|
| 999 |
|
|
|c 2653796
|d 2655726
|